F1 winners: Gerhard Berger - Statistics

General Stats
  • This quiz has been taken 28 times
  • The average score is 9 of 10
Answer Stats
Year Answer % Correct
1994 Germany
100%
1997 Germany
100%
1992 Canada
96%
1988 Italy
96%
1987 Australia
92%
1992 Australia
92%
1987 Japan
92%
1991 Japan
92%
1986 Mexico
83%
1989 Portugal
71%
No matching quizzes found
Score Distribution
Percent of People with Each Score
Percentile by Number Answered
Your Score History
You have not taken this quiz